[Event "Wloclawek CC Classic 04th"]
[Site "Wloclawek"]
[Date "2012.??.??"]
[Round "1"]
[White "Szarzynski, Marcin"]
[Black "Kujawski, Szymon"]
[Result "1-0"]
[WhiteElo "1800"]
[BlackElo "1400"]
[PlyCount "37"]
[EventDate "2012.04.??"]
[EventType "swiss"]
[EventRounds "7"]
[EventCountry "POL"]
[SourceTitle "EXT 2021"]
[Source "ChessBase"]
[SourceDate "2020.10.23"]
[SourceVersion "1"]
[SourceVersionDate "2020.10.23"]
[SourceQuality "1"]

1. e4 e5 2. Nf3 Nc6 3. Bc4 Bc5 4. d3 Nf6 5. Bg5 0-0 6. Nc3 d6 7. Nd5 Bg4 8. Bxf6 gxf6 9. Qd2 a6 10. Qh6 Nd4 11. Nxf6+ Qxf6 12. Qxf6 Nxc2+ 13. Kd2 Nxa1 14. Qg5+ Kh8 15. Qxg4 Rg8 16. Qh3 Rg7 17. Rxa1 Rag8 18. g3 Bxf2 19. Rf1 1-0

[Event "Wloclawek CC Classic 04th"]
[Site "Wloclawek"]
[Date "2012.??.??"]
[Round "5"]
[White "Szarzynski, Marcin"]
[Black "Lapinski, Jerzy"]
[Result "1-0"]
[WhiteElo "1800"]
[BlackElo "1800"]
[PlyCount "83"]
[EventDate "2012.04.??"]
[EventType "swiss"]
[EventRounds "7"]
[EventCountry "POL"]
[SourceTitle "EXT 2021"]
[Source "ChessBase"]
[SourceDate "2020.10.23"]
[SourceVersion "1"]
[SourceVersionDate "2020.10.23"]
[SourceQuality "1"]

1. e4 c5 2. e5 Nc6 3. f4 Qc7 4. Bc4 e6 5. Nf3 Na5 6. Bd3 d5 7. exd6 Qxd6 8. Ne5 c4 9. Bf1 Nf6 10. b3 Nc6 11. Ba3 Qc7 12. Bxf8 Kxf8 13. d4 cxb3 14. axb3 g6 15. Bb5 Kg7 16. Bxc6 bxc6 17. 0-0 Ne4 18. Nd2 Nc3 19. Qf3 Nb5 20. Qd3 Qb6 21. c3 Rd8 22. g4 a5 23. Qh3 f6 24. Qh4 Nxc3 25. Ndf3 Ne2+ 26. Kh1 Rf8 27. Ng5 fxg5 28. fxg5 Ba6 29. Qh6+ Kg8 30. Rxf8+ Rxf8 31. Qxf8+ Kxf8 32. Nd7+ Ke7 33. Nxb6 Nxd4 34. b4 Nb3 35. Ra3 a4 36. Nxa4 Bc4 37. Nc5 Nd4 38. Ra7+ Kd6 39. Rxh7 Ba2 40. h4 Bb1 41. Rg7 Nf3 42. Kg2 1-0

[Event "Wloclawek CC Classic-B 02nd"]
[Site "Wloclawek"]
[Date "2011.??.??"]
[Round "12"]
[White "Szarfemberg, Pawel"]
[Black "Szarzynski, Marcin"]
[Result "1-0"]
[WhiteElo "1600"]
[BlackElo "1800"]
[PlyCount "78"]
[EventDate "2011.09.??"]
[EventType "tourn"]
[EventRounds "13"]
[EventCountry "POL"]
[SourceTitle "EXT 2021"]
[Source "ChessBase"]
[SourceDate "2020.10.23"]
[SourceVersion "1"]
[SourceVersionDate "2020.10.23"]
[SourceQuality "1"]

1. d4 Nf6 2. c4 d5 3. Nc3 e6 4. Bg5 Be7 5. e3 0-0 6. cxd5 exd5 7. Qc2 c6 8. Bd3 g6 9. Nge2 Qc7 10. Bxf6 Bxf6 11. h4 h5 12. Bxg6 fxg6 13. Qxg6+ Qg7 14. Qxg7+ Kxg7 15. Nf4 Kh6 16. f3 Re8 17. Kd2 Bf5 18. Rag1 Rg8 19. Nd1 Be7 20. Nf2 Rg3 21. Ne2 Rg7 22. Nf4 Bd6 23. Nxh5 Rf7 24. Nf4 Bxf4 25. exf4 Nd7 26. g4 Bh7 27. f5 Bxf5 28. gxf5 Rxf5 29. Rg3 Raf8 30. Rhh3 Nf6 31. Ng4+ Kh5 32. Nxf6+ R5xf6 33. Rg7 R8f7 34. Rxf7 Rxf7 35. Ke3 Re7+ 36. Kd2 Rf7 37. Kc2 Rf4 38. Kd3 Rxh4 39. Rxh4+ Kxh4 1-0